000 00299nam a22001217a 4500
008 171024b xxu||||| |||| 00| 0 eng d
041 _aALB
080 _a311
100 _a55
101 _aSTA
245 _aMAEKANIKA I STATIKA PERMBLEDHJE DETYRASH TE ZGJIDHURA
_cJAGXHIU.F.S
942 _2udc
_cBK
999 _c35704
_d35704